00910nam a2200253 a 450000100060000000300080000600500170001400800410003103500190007204000260009104100080011708200170012510000310014224501100017326000420028330000350032565000490036070000290040970000290043870000320046794200120049999900170051195201280052874651BD-RjUL20211209082601.0110330s2011 caua 000 0 eng d a(BD-RjUL)74869 aBD-RjULbengcBD-RjUL aeng 223a540bEBS1 aEbbing , Darrell D.92894210aStudy Guide General chemistry /cDarrell D. Ebbing ; Joan I. Senyk , James R. Braun and Larry K. Krannich aBoston :bHoughton Mifflin Co,cc1984 aXviii, 501 p. :bill. ;c24 cm aChemistryvProblems, exercises, etc.9224849 aSenyk, Joan I. 9224850 a R. Braun, James9224853 aK. Krannich, Larry 9224854 2ddccBK c74651d74651 00102ddc40718NFICaRUCLbRUCLcReadingd1990-10-21eCanadian Govtl0o540 EBSr2018-11-12 00:00:00tC-1w2018-11-12yBK